Blockchain Technology for Industry 4.0 : Secure, Decentralized, Distributed and Trusted Industry Environment / (Record no. 26572)

000 -LEADER
fixed length control field 00683 a2200181 4500
008 - FIXED-LENGTH DATA ELEMENTS--GENERAL INFORMATION
fixed length control field 230616b ||||| |||| 00| 0 eng d
020 ## - INTERNATIONAL STANDARD BOOK NUMBER
International Standard Book Number 9789811511394
Terms of availability Euro 89.99
041 0# - LANGUAGE CODE
Language code of text/sound track or separate title eng
082 00 - DEWEY DECIMAL CLASSIFICATION NUMBER
Classification number 005.74
Item number R5711
100 ## - MAIN ENTRY--PERSONAL NAME
Personal name Righi, Rodrigo da Rosa
245 ## - TITLE STATEMENT
Title Blockchain Technology for Industry 4.0 : Secure, Decentralized, Distributed and Trusted Industry Environment /
260 ## - PUBLICATION, DISTRIBUTION, ETC. (IMPRINT)
Place of publication, distribution, etc Singapore:
Name of publisher, distributor, etc Springer Nature Pte Ltd.,
Date of publication, distribution, etc 2020.
300 ## - PHYSICAL DESCRIPTION
Extent v, 164 p. :
Other physical details ill.
650 #0 - SUBJECT ADDED ENTRY--TOPICAL TERM
Topical term or geographic name as entry element Blockchain
700 ## - ADDED ENTRY--PERSONAL NAME
9 (RLIN) 5465
Personal name Alberti, Antonio Marcos
9 (RLIN) 5466
Personal name Singh, Madhusudan
Relator term editor
942 ## - ADDED ENTRY ELEMENTS (KOHA)
Source of classification or shelving scheme
Item type Books
Holdings
Withdrawn status Lost status Source of classification or shelving scheme Damaged status Not for loan Permanent location Current location Shelving location Date acquired Source of acquisition Cost, normal purchase price Full call number Barcode Date last seen Cost, replacement price Koha item type
          IMU Kolkata IMU Kolkata Reference 2023-06-16 4 5108.60 005.74 R5711 13910 2023-06-16 7989.68 Books
Designed and Maintained by IMU-KC Library, Kolkata Campus © Copyright All Rights Reserved

webs counters

Powered by Koha